| 000 | 00489nam a2200133Ia 4500 | ||
|---|---|---|---|
| 008 | 220216s9999 xx 000 0 und d | ||
| 100 | _aNair N U | ||
| 245 | 0 | _aLatex diagnosis for optimising exploitation in Indian rubber smallholdings | |
| 260 | _bThe Progress and Development of Rubber Small Holders: Proceedings of the Ninth Seminar, 9-11 November 2005, Cochin, India. pp.202-205. | ||
| 650 | _aLatex diagnosis | ||
| 650 | _aRubber smallholdings | ||
| 700 | _aNair R B | ||
| 942 | _cJS | ||
| 999 |
_c62006 _d62006 |
||